<?xml version="1.0" encoding="UTF-8"?>
<collection xmlns="http://www.loc.gov/MARC21/slim">
    <record>
        <controlfield tag="001">75466</controlfield>
        <controlfield tag="005">20200117221613.0</controlfield>
        <datafield tag="024" ind1="7" ind2=" ">
            <subfield code="2">doi</subfield>
            <subfield code="a">10.20960/nh.1592</subfield>
        </datafield>
        <datafield tag="024" ind1="8" ind2=" ">
            <subfield code="2">sideral</subfield>
            <subfield code="a">108161</subfield>
        </datafield>
        <datafield tag="037" ind1=" " ind2=" ">
            <subfield code="a">ART-2018-108161</subfield>
        </datafield>
        <datafield tag="041" ind1=" " ind2=" ">
            <subfield code="a">spa</subfield>
        </datafield>
        <datafield tag="100" ind1=" " ind2=" ">
            <subfield code="a">Martínez Redondo, I.</subfield>
        </datafield>
        <datafield tag="245" ind1=" " ind2=" ">
            <subfield code="a">Deficiencia de vitamina D en niños aragoneses sanos</subfield>
        </datafield>
        <datafield tag="260" ind1=" " ind2=" ">
            <subfield code="c">2018</subfield>
        </datafield>
        <datafield tag="506" ind1="0" ind2=" ">
            <subfield code="a">Access copy available to the general public</subfield>
            <subfield code="f">Unrestricted</subfield>
        </datafield>
        <datafield tag="520" ind1="3" ind2=" ">
            <subfield code="a">Introducción: la principal acción de la vitamina D es mantener la concentración de calcio y fósforo dentro del rango fisiológico permitiendo el metabolismo normal y la mineralización ósea. Últimamente, se han descrito receptores de vitamina D en muchos tejidos y se ha relacionado la deficiencia de la vitamina D no solo con raquitismo y osteomalacia, sino también con mayor riesgo de diabetes, obesidad, enfermedades cardiovasculares, oncológicas, infecciosas y autoinmunes. 
Objetivo: el objetivo del estudio fue conocer la concentración de vitamina D en una población pediátrica sana y comprobar sus factores influyentes, así como analizar la situación actual de profilaxis de vitamina D y valorar la eficacia de las recomendaciones actuales. 
Métodos: se seleccionaron 107 pacientes sanos, de edades comprendidas entre uno y 15 años, que precisaron una analítica sanguínea como preoperatorio de cirugía menor, cuya patología no influyera en los parámetros del estudio. 
Resultados: la muestra estaba constituida en un 78, 5% por varones y presentaba una media de edad de 7, 17 ± 3, 79 años. La concentración media de vitamina D fue de 26, 07 ± 7, 11 ng/ml y hasta un 72, 9% presentaba niveles insuficientes. Se dividió la muestra en dos grupos: pacientes con hipovitaminosis D y pacientes con niveles óptimos de vitamina D. Se observó en el grupo con hipovitaminosis un predominio de varones, mayor índice de masa corporal y la presencia de fototipos extremos así como provenientes de padres inmigrantes. También presentaban mayor riesgo de hipovitaminosis los que no habían realizado profilaxis durante el primer año de vida. Conclusiones: se pone de manifiesto el alto porcentaje de población infantil sana con déficit de vitamina D y que las recomendaciones actuales de profilaxis no son llevadas a cabo por la población como recomiendan las guías actuales

Background: the main action of vitamin D is to maintain the concentration of calcium and phosphorus within the physiological range, allowing normal metabolism and bone mineralization. Vitamin D receptors have recently been described in many tissues, therefore vitamin D deficiency has been related not only to rickets, but also to increased risk of diabetes, obesity, cardiovascular, oncological, infectious and autoimmune diseases. Objective: the aim of the study was to know the vitamin D concentration in a healthy pediatric population and to verify its influential factors, as well as to analyze the current situation of vitamin D prophylaxis and to evaluate the effectiveness of current recommendations. Methods: one hundred and seven healthy patients aged between one and 15 years were selected, who required a blood test as a preoperative minor surgery and whose pathology did not influence the parameters of the study. Results: the sample analyzed had a total of 78.5% males and a mean age of 7.17 ± 3.79 years. Mean values of vitamin D were 26.07 ± 7.11 ng/ml; up to 72.9% had insufficient levels. The sample was divided into two groups: patients with hypovitaminosis D and patients with optimal vitamin D levels. A predominance of males with a higher body mass index, from immigrant parents, and the presence of extreme phototypes were observed in the hypovitaminosis group. There was also a higher risk of hypovitaminosis in those who had not performed prophylaxis during the first year of life. Conclusions: the high percentage of healthy children with vitamin D deficiency is evident, and current recommendations for prophylaxis are not carried out by the population as recommended by current guidelines.</subfield>
        </datafield>
        <datafield tag="540" ind1=" " ind2=" ">
            <subfield code="9">info:eu-repo/semantics/openAccess</subfield>
            <subfield code="a">by-nc-sa</subfield>
            <subfield code="u">http://creativecommons.org/licenses/by-nc-sa/3.0/es/</subfield>
        </datafield>
        <datafield tag="590" ind1=" " ind2=" ">
            <subfield code="a">0.759</subfield>
            <subfield code="b">2018</subfield>
        </datafield>
        <datafield tag="591" ind1=" " ind2=" ">
            <subfield code="a">NUTRITION &amp; DIETETICS</subfield>
            <subfield code="b">74 / 86 = 0.86</subfield>
            <subfield code="c">2018</subfield>
            <subfield code="d">Q4</subfield>
            <subfield code="e">T3</subfield>
        </datafield>
        <datafield tag="592" ind1=" " ind2=" ">
            <subfield code="a">0.34</subfield>
            <subfield code="b">2018</subfield>
        </datafield>
        <datafield tag="593" ind1=" " ind2=" ">
            <subfield code="a">Nutrition and Dietetics</subfield>
            <subfield code="c">2018</subfield>
            <subfield code="d">Q3</subfield>
        </datafield>
        <datafield tag="593" ind1=" " ind2=" ">
            <subfield code="a">Medicine (miscellaneous)</subfield>
            <subfield code="c">2018</subfield>
            <subfield code="d">Q3</subfield>
        </datafield>
        <datafield tag="655" ind1=" " ind2="4">
            <subfield code="a">info:eu-repo/semantics/article</subfield>
            <subfield code="v">info:eu-repo/semantics/publishedVersion</subfield>
        </datafield>
        <datafield tag="700" ind1=" " ind2=" ">
            <subfield code="a">García Romero, R.</subfield>
        </datafield>
        <datafield tag="700" ind1=" " ind2=" ">
            <subfield code="a">Calmarza, P.</subfield>
        </datafield>
        <datafield tag="700" ind1=" " ind2=" ">
            <subfield code="0">(orcid)0000-0002-2865-5813</subfield>
            <subfield code="a">de Arriba Muñoz, A.</subfield>
            <subfield code="u">Universidad de Zaragoza</subfield>
        </datafield>
        <datafield tag="700" ind1=" " ind2=" ">
            <subfield code="0">(orcid)0000-0002-7985-9912</subfield>
            <subfield code="a">Rodríguez Martínez, G.</subfield>
            <subfield code="u">Universidad de Zaragoza</subfield>
        </datafield>
        <datafield tag="700" ind1=" " ind2=" ">
            <subfield code="0">(orcid)0000-0003-2832-2266</subfield>
            <subfield code="a">Labarta Aizpún, J.I.</subfield>
            <subfield code="u">Universidad de Zaragoza</subfield>
        </datafield>
        <datafield tag="710" ind1="2" ind2=" ">
            <subfield code="1">1006</subfield>
            <subfield code="2">245</subfield>
            <subfield code="a">Universidad de Zaragoza</subfield>
            <subfield code="b">Dpto. Fisiatría y Enfermería</subfield>
            <subfield code="c">Área Educación Física y Depor.</subfield>
        </datafield>
        <datafield tag="710" ind1="2" ind2=" ">
            <subfield code="1">1010</subfield>
            <subfield code="2">670</subfield>
            <subfield code="a">Universidad de Zaragoza</subfield>
            <subfield code="b">Dpto. Pediatría Radiol.Med.Fís</subfield>
            <subfield code="c">Área Pediatría</subfield>
        </datafield>
        <datafield tag="773" ind1=" " ind2=" ">
            <subfield code="g">35, 4 (2018), 782-788</subfield>
            <subfield code="p">Nutr. hosp.</subfield>
            <subfield code="t">NUTRICION HOSPITALARIA</subfield>
            <subfield code="x">0212-1611</subfield>
        </datafield>
        <datafield tag="856" ind1="4" ind2=" ">
            <subfield code="s">684932</subfield>
            <subfield code="u">http://zaguan.unizar.es/record/75466/files/texto_completo.pdf</subfield>
            <subfield code="y">Versión publicada</subfield>
        </datafield>
        <datafield tag="856" ind1="4" ind2=" ">
            <subfield code="s">13798</subfield>
            <subfield code="u">http://zaguan.unizar.es/record/75466/files/texto_completo.jpg?subformat=icon</subfield>
            <subfield code="x">icon</subfield>
            <subfield code="y">Versión publicada</subfield>
        </datafield>
        <datafield tag="909" ind1="C" ind2="O">
            <subfield code="o">oai:zaguan.unizar.es:75466</subfield>
            <subfield code="p">articulos</subfield>
            <subfield code="p">driver</subfield>
        </datafield>
        <datafield tag="951" ind1=" " ind2=" ">
            <subfield code="a">2020-01-17-21:49:29</subfield>
        </datafield>
        <datafield tag="980" ind1=" " ind2=" ">
            <subfield code="a">ARTICLE</subfield>
        </datafield>
    </record>

    
</collection>